Allen Wilson Joinery Ltd v Privetgrange Construction Ltd (Record no. 81105)
[ view plain ]
| 000 -LEADER | |
|---|---|
| fixed length control field | 02229cad a22002415a 4500 |
| 001 - CONTROL NUMBER | |
| control field | L146261 |
| 008 - FIXED-LENGTH DATA ELEMENTS--GENERAL INFORMATION | |
| fixed length control field | 081223e20081117xxk f v 000 0 eng d |
| 035 ## - SYSTEM CONTROL NUMBER | |
| System control number | (Sirsi) u146261 |
| 041 0# - LANGUAGE CODE | |
| Language code of text/sound track or separate title | eng |
| 245 00 - TITLE STATEMENT | |
| Title | Allen Wilson Joinery Ltd v Privetgrange Construction Ltd |
| Medium | [electronic resource] |
| 260 ## - PUBLICATION, DISTRIBUTION, ETC. | |
| Date of publication, distribution, etc. | 2008 |
| 520 ## - SUMMARY, ETC. | |
| Summary, etc. | [2008] EWCH 2802 (TCC), 17 November 2008. An application by a sub-contractor (W) for summary judgement to enforce an adjudicator's decision in proceedings against the respondent contractor (P) was refused. P claimed that building work done by W was not of an acceptable standard. P refused payment and W started adjudication proceedings. P challenged the adjudicator's findings. The case turned around triable issues concerning whether the contract between the parties had been made in writing pursuant to the Housing Grants, Construction and Regeneration Act 1996 S107, and therefore whether the adjudicator had the jurisdiction to make the initial award. Held: application refused. Contracts need not be in writing. Connex Eastern Ltd v MJ Building Services Group PLC applied, but it was not clear what the terms of the orally discussed contract were. However, even if there was a contract in writing the adjudicator did not have the jurisdiction to award interest. There was no contractual term permitting or allowing for the imposition of interest for late payment, and the parties had not agreed or accepted that the adjudicator should have jurisdiction. Carillion Construction Ltd v Devenport Royal Dockyard Ltd distinguished. |
| 590 ## - LOCAL NOTE (RLIN) | |
| Local note | KA |
| 650 24 - SUBJECT ADDED ENTRY--TOPICAL TERM | |
| Topical term or geographic name entry element | CARILLION CONSTRUCTION LTD V DEVONPORT ROYAL DOCKYARD LTD |
| 650 24 - SUBJECT ADDED ENTRY--TOPICAL TERM | |
| Topical term or geographic name entry element | CONNEX SOUTH EASTERN LTD V MJ BUILDING SERVICES GROUP PLC |
| 650 24 - SUBJECT ADDED ENTRY--TOPICAL TERM | |
| Topical term or geographic name entry element | HOUSING GRANTS, CONSTRUCTION AND REGENERATION ACT 1996 S107 |
| 650 24 - SUBJECT ADDED ENTRY--TOPICAL TERM | |
| Topical term or geographic name entry element | ALLEN WILSON JOINERY LIMITED v PRIVETGRANGE CONSTRUCTION LIMITED |
| 651 #4 - SUBJECT ADDED ENTRY--GEOGRAPHIC NAME | |
| Geographic name | England and Wales |
| Chronological subdivision | 1543- |
| 690 ## - LOCAL SUBJECT ADDED ENTRY--TOPICAL TERM (OCLC, RLIN) | |
| Topical term or geographic name as entry element | MANAGEMENT AND RESOLUTION-ALTERNATIVE DISPUTE RESOLUTION-ADJUDICATION |
| 690 ## - LOCAL SUBJECT ADDED ENTRY--TOPICAL TERM (OCLC, RLIN) | |
| Topical term or geographic name as entry element | BUILT ENVIRONMENT-CONSTRUCTION MANAGEMENT-BUILDING CONTRACT ADMINISTRATION |
| 856 40 - ELECTRONIC LOCATION AND ACCESS | |
| Uniform Resource Identifier | <a href="https://www.bailii.org/ew/cases/EWHC/TCC/2008/2802.html">https://www.bailii.org/ew/cases/EWHC/TCC/2008/2802.html</a> |
| Public note | View the item free of charge at www.bailii.org... |
| 942 ## - ADDED ENTRY ELEMENTS (KOHA) | |
| Suppress in OPAC | 0 |
| Withdrawn status | Lost status | Source of classification or shelving scheme | Damaged status | Not for loan | Home library | Current library | Shelving location | Date acquired | Total Checkouts | Full call number | Barcode | Date last seen | Copy number | Price effective from | Koha item type |
|---|---|---|---|---|---|---|---|---|---|---|---|---|---|---|---|
| Dewey Decimal Classification | Virtual | Virtual | Online | 23/12/2008 | ONLINE PUBLICATION | 146261-1001 | 06/08/2019 | 1 | 06/08/2019 | Law report |